| 000 | 01121nam0a22003131 4500 | ||
|---|---|---|---|
| 001 | rc\4523250 | ||
| 005 | 20250612110027.0 | ||
| 021 |
_aRU _b[65-94339] |
||
| 035 | _a(NLR Aleph) 008626312 | ||
| 090 |
_a8854895 _c8854895 |
||
| 100 | _a20130416d1965 |||y0rusy50 ca | ||
| 101 | 1 |
_arus _ceng |
|
| 102 | _aRU | ||
| 105 | _aa z ||||| | ||
| 200 | 1 |
_aАтомные подводные лодки _fСокр. пер. с англ. Г.И. Святова _gПод ред. [и с предисл.] канд. воен.-мор. наук А.М. Кузнецова |
|
| 210 |
_aМосква _cАтомиздат _d1965 |
||
| 215 |
_a171 с. _cил. _d21 |
||
| 300 | _aДоп. тит. л.: Atomic submarines. By Norman Polmar | ||
| 513 | 0 | _aAtomic submarines | |
| 606 |
_aАтомные подводные лодки _2psbo |
||
| 606 |
_aПодводный флот _yСША _2psbo |
||
| 700 | 1 |
_aПолмер _bН. _gНорман |
|
| 702 | 1 |
_aКузнецов _bА.М. _4340 |
|
| 702 | 1 |
_aСвятов _bГ.И. _4730 |
|
| 801 | 0 |
_aRU _bNLR _gpsbo |
|
| 801 | 1 |
_aRU _bELAR _2rusmarc |
|
| 852 |
_aNLR _j65-5/5640 |
||
| 942 | _cBOOK | ||
| 980 | _aNB | ||